00619nam a22001812 4500001001100000005001700011008004100028020002600069040001500095050001700110100003400127245007300161260003000234300002500264440005000289650005200339650004600391000000062920151217151752.0070213s xx 000 0 eng d a9966888764 :cKES 600 aKABUcKABU 0aBR1360b.M841 aMugambi, J. N. K.@000014889010aChristian theology and social reconstruction /cby J. N. K. Mugambi. aNairobi :bActon,cc2003. avi, 225 p. ;c22 cm. 0aTheology of reconstruction series@0000148891 0aChristianityy20th centuryzAfrica.@0000148892 0aTheology, DoctrionalzAfrica.@0000148893